000 00374nam a22001457a 4500
003 OSt
005 20260209142343.0
008 260209b |||||||| |||| 00| 0 eng d
040 _cIIMT UNIVERSITY
100 _aPODHAR, HANUMANPRASAD
245 _aSRIMADBHAGVAD - MAHAPURANA (PRATHAM KHAND)
260 _aGORAKHPUR
_bGEETA PRESS
_cS.2072
300 _a1021
942 _2ddc
_c01
999 _c67001
_d67001